000 00462nam a2200193Ia 4500
008 240509s9999 xx 000 0 und d
020 _a0001562059556
041 _aEng
082 _a005.7585
082 _bB13
100 _aBAIRD S. : (ET-AL)
245 0 _aSQL SERVER SYSTEM ADMINISTRATION
260 _bINDIANA : NEW DELHI
260 _c1999
300 _a328 p.
650 _aSQL SERVER : DATABASE MANAGEMENT : SQL
942 _2ddc
942 _cLBK
999 _c22868
_d22868
945 _a1
_bMadushi Gamage
_c1
_dMadushi Gamage